The Christ-centered home. (Record no. 16147)

000 -LEADER
fixed length control field 00506nam a2200169 a 4500
001 - CONTROL NUMBER
control field :::00018858$&:&@@
003 - CONTROL NUMBER IDENTIFIER
control field OkBaRHE
005 - DATE AND TIME OF LATEST TRANSACTION
control field 20010111153739.0
008 - FIXED-LENGTH DATA ELEMENTS--GENERAL INFORMATION
fixed length control field s1961 j 000 0 eng u
040 ## - CATALOGING SOURCE
Transcribing agency
100 1# - MAIN ENTRY--PERSONAL NAME
Personal name Graham, Billy
245 14 - TITLE STATEMENT
Title The Christ-centered home.
260 ## - PUBLICATION, DISTRIBUTION, ETC. (IMPRINT)
Place of publication, distribution, etc Minneapolis, Minnesota
Name of publisher, distributor, etc The Billy Graham Evangelistic Assn.
Date of publication, distribution, etc 1961
300 ## - PHYSICAL DESCRIPTION
Extent 35 p.
942 ## - ADDED ENTRY ELEMENTS (KOHA)
Source of classification or shelving scheme
Koha item type Books
Copies
Date acquired Not for loan Withdrawn status Damaged status Shelving location Source of classification or shelving scheme Date last seen Price effective from Koha item type Barcode Full call number Lost status Permanent Location Copy number
2010-04-14   General Stacks 2010-04-142010-04-14Books18858HQ 734 .G7 RHEMA Bible Training College1